000 00525cam a2200145 4500500
005 20251228082905.0
041 _afre
042 _adc
100 1 0 _aVasseur, Sébastien
_eauthor
245 0 0 _aLe château de Fléchères : état des connaissances actuelles sur un fleuron du patrimoine
260 _c2005.
500 _a57
786 0 _nDix-septième siècle | 228 | 3 | 2005-09-01 | p. 547-562 | 0012-4273
856 4 1 _uhttps://shs.cairn.info/revue-dix-septieme-siecle-2005-3-page-547?lang=fr&redirect-ssocas=7080
999 _c1600018
_d1600018